100m Hommes aux Jeux Olympiques - Statistiques

Statistiques générales
  • Ce quiz a été pris 174 fois
  • Le résultat moyen est 14 sur 84
Statistiques - réponses
Année Médaillés % Correct
2008 Usain Bolt
99%
2012 Usain Bolt
99%
2016 Usain Bolt
99%
2004 Justin Gatlin
73%
Justin Gatlin
73%
Justin Gatlin
73%
1984 Carl Lewis
72%
1988 Carl Lewis
72%
Yohan Blake
62%
Ben Johnson
45%
1936 Jesse Owens
43%
2000 Maurice Greene
43%
Maurice Greene
43%
Charles Greene
42%
Andre De Grasse
37%
1996 Donovan Bailey
23%
Linford Christie
23%
1992 Linford Christie
23%
McDonald Bailey
23%
Ato Boldon
19%
Ato Boldon
19%
Frankie Fredericks
17%
Frankie Fredericks
17%
Obadele Thompson
17%
Richard Thompson
17%
Calvin Smith
15%
Walter Dix
13%
1964 Bob Hayes
10%
Francis Obikwelu
9%
1968 Jim Hines
9%
1972 Valeri Borzov
7%
Valeri Borzov
7%
1924 Harold Abrahams
6%
1976 Hasely Crawford
6%
1980 Allan Wells
5%
1932 Eddie Tolan
5%
1928 Percy Williams
5%
1960 Armin Hary
4%
1956 Bobby Joe Morrow
4%
Ralph Metcalfe
4%
Ralph Metcalfe
4%
1904 Archie Hahn
3%
1920 Charlie Paddock
3%
Dennis Mitchell
3%
1900 Frank Jarvis
3%
1948 Harrison Dillard
3%
Lennox Miller
3%
Lennox Miller
3%
1952 Lindy Remigino
3%
Petar Petrov
3%
1912 Ralph Craig
3%
1908 Reginald Walker
3%
Silvio Leonard
3%
1896 Tom Burke
3%
Alvah Meyer
2%
Arthur Jonath
2%
Arthur Porritt
2%
Barney Ewell
2%
Bobby Kerr
2%
David Sime
2%
Don Quarrie
2%
Fritz Hoffmann
2%
Georg Lammers
2%
Harry Edward
2%
Jack London
2%
Jackson Scholz
2%
James Rector
2%
Lloyd LaBeach
2%
Morris Kirksey
2%
Nate Cartmell
2%
Sam Graddy
2%
Stanley Rowley
2%
Thane Baker
2%
Don Lippincott
1%
Enrique Figuerola
1%
Francis Lane
1%
Harry Jerome
1%
Hector Hogan
1%
Herb McKenley
1%
John Tewksbury
1%
Peter Radford
1%
Robert Taylor
1%
Tinus Osendarp
1%
William Hogenson
1%
Aucun quiz correspondant
Distribution des résultats
% des personnes avec chaque résultat
Percentile par nombre de réponses
Votre historique - résultats
Vous n’avez pas pris ce quiz